[Event "Mukachevo IM May 2019"]
[Site "Mukachevo"]
[Date "2019.05.11"]
[Round "4.3"]
[White "Tiba, Vladyslav"]
[Black "Shankovskyi, Andrii"]
[Result "0-1"]
[WhiteElo "2370"]
[BlackElo "2374"]
[Annotator "TA"]
[PlyCount "80"]
[EventDate "2019.05.09"]
[EventType "tourn"]
[EventCountry "UKR"]
[SourceTitle "playchess.com"]
[Source "ChessBase"]
[SourceQuality "1"]

{[%evp 25,80,0,35,16,5,16,37,0,12,11,3,1,0,-6,-6,-6,0,-9,-9,-8,-10,-8,0,-20,4,-17,0,-66,-26,-57,-45,-53,-43,-81,-81,-77,-68,-62,-66,-83,-8,-251,-273,-237,-205,-29975,-29971,-29971,-29975,-29975,-29976,-29953,-954,-29997,-29998,-29998,-29999]} 1. e4 e5 2. Nf3 Nc6 3. Bb5 a6 4. Ba4 Nf6 5. O-O Be7 6. Re1 b5 7. Bb3 O-O 8. d3 d6 9. c3 Na5 10. Bc2 c5 11. Nbd2 Re8 12. Nf1 Bf8 13. h3 Nc6 14. d4 {C90: Closed Ruy Lopez with 7...d6: Early deviations} (14. Bg5 h6 15. Bh4 Be7 16. Ne3 Nh7 17. Bxe7 Nxe7 18. d4 cxd4 19. cxd4 Ng6 20. a4 Be6 21. Nf5 Ng5 22. axb5 Nxf3+ 23. Qxf3 exd4 24. Nxd4 axb5 25. Rxa8 Qxa8 26. Nxb5 {½-½ (52) Grischuk,A (2774)-Lagno,K (2523) Berlin 2015}) 14... cxd4 15. cxd4 g6 16. a4 $146 {White is slightly better.} ({Predecessor:} 16. d5 Ne7 17. Ng3 Nd7 18. Be3 Bg7 19. Qd2 Rf8 20. Bh6 f6 21. a4 Bxh6 22. Qxh6 {0-1 (52) Leoni,A-Galula,D Toulouse 1955}) 16... Nxd4 17. Nxd4 exd4 18. axb5 Qb6 19. Nd2 Bb7 20. bxa6 Rxa6 21. Rxa6 Qxa6 22. Nf3 Nxe4 23. Nxd4 Bg7 24. Be3 Qa2 25. Qb1 Qc4 26. Qd1 ({White should try} 26. Bd3 $11 Qb4 27. Nc2) 26... Nc5 {Hoping for ...Bxd4.} 27. b3 Qb4 $1 28. Ne2 Ne4 29. Bd4 Nd2 30. Be3 {[#]} Nf3+ $1 {[%mdl 512]} 31. gxf3 Bxf3 {And now ...Qh4 would win.} 32. Qc1 Qh4 $40 {[%mdl 128] Black is up to no good.} (32... Bb2 $1 $17 {[%cal Rb2c1]} 33. Qd2 Qxd2 34. Bxd2 Rxe2 35. Rxe2 Bxe2) 33. Kh2 $2 (33. Nf4 $11) 33... Be5+ $19 34. Ng3 {Bg5 is the strong threat.} Bg4 $1 35. Bd3 $2 (35. Rh1 $19 Bxg3+ 36. Kg2 Bxf2 37. Bxf2) 35... Qxh3+ 36. Kg1 Bxg3 37. fxg3 Qxg3+ 38. Kf1 Bf3 (38... d5 $142 39. Bb5 Qh3+ 40. Kg1 {[#]} Bf3 $1 {[%mdl 512]} 41. Re2 Bxe2 42. Bxe2 Rxe3 {[%mdl 64] Double Attack} 43. Bf1 Qg3+ 44. Kh1 Re1 $1 {[%mdl 512]} 45. Qxe1 Qxe1 46. Kg2 d4 47. b4 d3 {[%mdl 64] Decoy} 48. Bxd3 Qd2+ {[%mdl 64] Double Attack} 49. Kf1 Qxd3+ 50. Ke1 f5 51. b5 f4 52. b6 f3 53. Kf2 Qe2+ 54. Kg3 f2 55. Kh4 f1=Q 56. Kg3 Qff3+ 57. Kh4 Qg4#) 39. Qc2 Qh3+ 40. Kg1 Qh1+ {Accuracy: White = 18%, Black = 57%.} 0-1

[Event "Mukachevo IM May 2019"]
[Site "Mukachevo"]
[Date "2019.05.11"]
[Round "4.4"]
[White "Vachylia, Andrii"]
[Black "Shkuran, Danylo"]
[Result "1/2-1/2"]
[WhiteElo "2285"]
[BlackElo "2357"]
[Annotator "TA"]
[PlyCount "30"]
[EventDate "2019.05.09"]
[EventType "tourn"]
[EventCountry "UKR"]
[SourceTitle "playchess.com"]
[Source "ChessBase"]
[SourceQuality "1"]

{[%evp 19,30,0,0,-35,0,0,0,0,13,0,0,0,14]} 1. e4 c6 2. d4 d5 3. Nc3 dxe4 4. Nxe4 Bf5 5. Ng3 Bg6 6. h4 h6 7. h5 Bh7 8. Nf3 Nd7 9. Bd3 Bxd3 10. Qxd3 Ngf6 ({Predecessor:} 10... Qc7 11. Rh4 {½-½ (16) Claros Egea,C (2231)-Nava Baro,E (2128) Malaga 2013}) 11. Rh4 $146 {B19: Classical Caro-Kann: 4...Bf5 main line} (11. Bd2 e6 12. O-O-O Bd6 13. Ne4 Nxe4 14. Qxe4 Nf6 15. Qe2 Bc7 16. Kb1 Qd5 17. c4 Qe4+ 18. Qxe4 Nxe4 19. Be3 f5 20. Kc2 f4 21. Kd3 fxe3 22. Kxe4 exf2 {½-½ (94) Perez Ponsa,F (2586)-Andreikin,D (2743) ICC INT 2016}) 11... Qc7 12. Bf4 {The position is equal.} Qa5+ 13. Bd2 Qc7 14. Bf4 Qa5+ 15. Bd2 Qc7 1/2-1/2

[Event "Mukachevo IM May 2019"]
[Site "Mukachevo"]
[Date "2019.05.11"]
[Round "4.5"]
[White "Martynyuk, Elizaveta"]
[Black "Itkis, Boris"]
[Result "1-0"]
[WhiteElo "2141"]
[BlackElo "2327"]
[Annotator "TA"]
[PlyCount "65"]
[EventDate "2019.05.09"]
[EventType "tourn"]
[EventCountry "UKR"]
[SourceTitle "playchess.com"]
[Source "ChessBase"]
[SourceQuality "1"]

{[%evp 10,65,48,-29,-35,-41,-39,-40,-31,-19,-12,-18,-15,-16,-12,-25,-12,-150,-91,-74,19,30,32,36,58,0,60,46,127,125,125,131,129,123,155,154,160,158,184,192,181,160,237,198,277,272,437,464,414,408,696,661,733,735,722,721,29980,29972]} 1. e4 d6 2. d4 Nf6 3. Nc3 g6 4. f3 c6 5. Be3 Qb6 6. Qd2 (6. a3 $14) 6... Qxb2 $11 {B07: Pirc Defence: Miscellaneous Systems} 7. Rb1 Qa3 8. Bc4 Nbd7 {Black is slightly better.} 9. Nge2 Qa5 10. O-O Qc7 $146 ({Predecessor:} 10... Bg7 11. a4 O-O 12. Nd5 Qd8 13. Nxf6+ Nxf6 {0-1 (60) Lerstad,B (1918)-Turikov,V (2269) Dresden 2013}) 11. Bh6 Bxh6 12. Qxh6 Rg8 13. Nf4 (13. Qe3 $11 {keeps the balance.}) 13... g5 (13... b5 $142 14. Bd3 g5) 14. Nh5 $17 Nxh5 (14... b5 $17 15. e5 dxe5) 15. Qxh5 $11 Rg7 {[#] Hoping for ...Nf6.} 16. Qh6 Kf8 17. f4 $1 $36 {[%cal Rf4g5][%mdl 2048] White has the initiative.} d5 (17... gxf4 $1 $11 18. Ne2 (18. Rxf4 Nf6 $15) 18... Nf6) 18. Bd3 $14 {Threatens to win with e5.} Qd6 (18... Qa5 $14 19. Rb3 dxe4 20. Nxe4 Qd5) 19. Qxd6 $16 exd6 20. fxg5 Rxg5 21. exd5 cxd5 22. Nb5 Nb6 23. Nxd6 Be6 24. Nxb7 Kg7 25. Nc5 Rc8 (25... Bh3 $16) 26. a4 {[%cal Ba2a4,Ba4a5][%mdl 32] And now a5 would win.} Rc7 (26... Bh3 {is a better defense.} 27. Rf2 Re8) 27. a5 $18 Nd7 $2 (27... Nc8 28. a6 Nb6) 28. Na6 Rc3 29. Rb7 Ra3 (29... Bh3 $142 30. Rf3 (30. Rxa7 Rxg2+ 31. Kh1 Rg4 $16) 30... Bxg2) 30. h4 Rh5 31. Nc7 Bg4 32. Rxa7 Nf6 {[#]} 33. Ne8+ $1 {[%mdl 512] Accuracy: White = 74%, Black = 33%.} 1-0

[Event "Mukachevo IM May 2019"]
[Site "Mukachevo"]
[Date "2019.05.11"]
[Round "5.1"]
[White "Itkis, Boris"]
[Black "Tran, David"]
[Result "1-0"]
[WhiteElo "2327"]
[BlackElo "2070"]
[Annotator "NA"]
[PlyCount "67"]
[EventDate "2019.05.09"]
[EventType "tourn"]
[EventCountry "UKR"]
[SourceTitle "playchess.com"]
[Source "ChessBase"]
[SourceQuality "1"]
[TimeControl "40/5400+30:900+30"]

{[%evp 12,43,50,49,47,16,17,28,32,37,38,40,35,35,59,35,25,30,86,32767,89,96,168,32767,115,129,154,111,135,32767,99,85,149,174]} 1. d4 {[%emt 0:00:00]} Nf6 {[%emt 0:00:00]} 2. Nf3 {[%emt 0:00:00]} g6 {[%emt 0:00:00]} 3. c4 {[%emt 0:00:00]} Bg7 {[%emt 0:00:00]} 4. g3 {[%emt 0:00:00]} O-O {[%emt 0:00:03]} 5. Bg2 {[%emt 0:00:00]} d6 {[%emt 0:00:06]} 6. Nc3 {[%emt 0:00:05]} Nc6 {[%emt 0:00:21]} 7. O-O {[%emt 0:00:32]} a6 {[%emt 0:00:12]} 8. b3 {[%emt 0:01:20]} Rb8 {[%emt 0:00:59]} 9. d5 {[%emt 0:00:16]} Na5 {[%emt 0:02:23] E63: King's Indian: Fianchetto: Panno Variation with 7...a6} 10. Bg5 {[%emt 0:00:09]} c5 {[%emt 0:01:45]} 11. dxc6 $1 {[%emt 0:00:07]} Nxc6 {[%emt 0:00:04]} 12. Rc1 {[%emt 0:00:09]} h6 {[%emt 0:03:11]} 13. Bd2 {[%emt 0:00:09] [#]} e6 $146 {[%emt 0:02:08]} ({Predecessor:} 13... Be6 14. Ne1 Qd7 15. Nd5 h5 16. Bc3 Bh3 17. Nxf6+ Bxf6 18. Bxf6 exf6 19. Bxh3 Qxh3 {1-0 (66) Cordova,E (2595)-Cuenca Jimenez,J (2513) Merida 2018}) 14. Qc2 {[%emt 0:06:25]} d5 {[%emt 0:01:02]} 15. Bf4 {[%emt 0:00:37]} Ra8 {[%emt 0:00:09]} 16. Rfd1 {[%emt 0:01:19]} Nb4 {[%emt 0:02:19]} (16... Qa5 $16 {was necessary.}) 17. Qb1 {[%emt 0:00:19]} Qa5 {[%emt 0:01:32]} 18. Be5 {[%emt 0:14:42]} dxc4 {[%emt 0:02:22]} 19. bxc4 {[%emt 0:00:07]} Nc6 {[%emt 0:00:04]} 20. Bf4 {[%emt 0:03:14]} Rd8 {[%emt 0:12:38]} 21. Rxd8+ {[%emt 0:02:01]} Qxd8 {[%emt 0:00:11]} (21... Nxd8 $142 22. c5 Nd5 23. Nxd5 exd5) 22. Ne5 $18 {[%emt 0:02:45]} Nxe5 {[%emt 0:02:44]} 23. Bxe5 {[%emt 0:00:06]} Ng4 {[%emt 0:01:56]} 24. Bxg7 {[%emt 0:00:13]} Kxg7 {[%emt 0:00:03]} 25. Rd1 {[%emt 0:01:08]} Qc7 {[%emt 0:00:19]} 26. Qb2 {[%emt 0:02:31]} Kh7 {[%emt 0:02:57]} 27. Ne4 {[%emt 0:01:08]} Qe5 {[%emt 0:08:08]} 28. Qb6 {[%emt 0:02:46]} Nf6 {[%emt 0:05:12]} 29. Nxf6+ {[%emt 0:01:45]} Qxf6 {[%emt 0:00:04]} 30. Qc7 {[%emt 0:02:17]} e5 {[%emt 0:02:11]} 31. Rd8 {[%emt 0:00:22]} Qf5 {[%emt 0:00:05]} 32. Be4 {[%emt 0:00:43]} Qe6 {[%emt 0:00:51]} 33. Bd5 {[%emt 0:00:19]} Qf5 {[%emt 0:00:15]} 34. e4 {[%emt 0:00:56]} 1-0

[Event "Mukachevo IM May 2019"]
[Site "Mukachevo"]
[Date "2019.05.11"]
[Round "5.2"]
[White "Shkuran, Danylo"]
[Black "Martynyuk, Elizaveta"]
[Result "1-0"]
[WhiteElo "2357"]
[BlackElo "2141"]
[Annotator "ChessBase"]
[PlyCount "67"]
[EventDate "2019.05.09"]
[EventType "tourn"]
[EventCountry "UKR"]
[SourceTitle "playchess.com"]
[Source "ChessBase"]
[SourceQuality "1"]
[TimeControl "40/5400+30:900+30"]

1. Nf3 d5 {[%emt 0:09:13]} 2. g3 {[%emt 0:01:29]} Nf6 {[%emt 0:00:07]} 3. Bg2 {[%emt 0:00:05]} c6 {[%emt 0:00:04]} 4. O-O {[%emt 0:00:06]} Bf5 {[%emt 0:00:05]} 5. d3 {[%emt 0:00:05]} h6 {[%emt 0:00:09]} 6. Nbd2 {[%emt 0:00:08]} Bh7 {[%emt 0:00:51]} 7. Qe1 {[%emt 0:00:19]} e6 {[%emt 0:00:14]} 8. e4 {[%emt 0:00:06]} dxe4 {[%emt 0:00:04]} 9. dxe4 {[%emt 0:00:18]} Be7 {[%emt 0:05:47]} 10. Qe2 {[%emt 0:01:30]} O-O {[%emt 0:00:19]} 11. Rd1 {[%emt 0:00:54]} Qc7 {[%emt 0:01:47]} 12. e5 {[%emt 0:05:08]} Nfd7 {[%emt 0:00:25]} 13. Nc4 {[%emt 0:01:20]} Na6 {[%emt 0:01:30]} 14. Nd4 {[%emt 0:28:15]} Rad8 {[%emt 0:14:20]} 15. Bf4 {[%emt 0:09:55]} Nb4 {[%emt 0:02:23]} 16. Qg4 {[%emt 0:39:56]} Kh8 {[%emt 0:02:15]} 17. Nd6 {[%emt 0:00:10]} Nxc2 {[%emt 0:04:21]} 18. Nxf7+ {[%emt 0:01:51]} Rxf7 {[%emt 0:00:06]} 19. Nxe6 {[%emt 0:00:07]} Nxe5 {[%emt 0:08:58]} 20. Nxd8 {[%emt 0:01:41]} Bxd8 {[%emt 0:01:54]} 21. Bxe5 {[%emt 0:00:55]} Qb6 {[%emt 0:01:19]} 22. Qc8 {[%emt 0:03:45]} Rf8 {[%emt 0:01:36]} 23. Qd7 {[%emt 0:00:03]} Qxf2+ {[%emt 0:01:46]} 24. Kh1 {[%emt 0:00:04]} Bf6 {[%emt 0:00:59]} 25. Rf1 {[%emt 0:01:21]} Qe2 {[%emt 0:01:51]} 26. Bxf6 {[%emt 0:01:29]} gxf6 {[%emt 0:00:06]} 27. Qd6 {[%emt 0:01:46]} Kg8 {[%emt 0:02:26]} 28. Rad1 {[%emt 0:00:38]} Ne3 {[%emt 0:01:23]} 29. Qe6+ {[%emt 0:00:15]} Rf7 {[%emt 0:04:37]} 30. Bf3 {[%emt 0:00:15]} Qxf3+ {[%emt 0:04:56]} 31. Rxf3 {[%emt 0:00:04]} Nxd1 {[%emt 0:00:21]} 32. Rxf6 {[%emt 0:00:08]} Be4+ {[%emt 0:00:05]} 33. Kg1 {[%emt 0:00:24]} Bd5 {[%emt 0:00:06]} 34. Qg4+ {[%emt 0:00:13]} 1-0

[Event "Mukachevo IM May 2019"]
[Site "Mukachevo"]
[Date "2019.05.11"]
[Round "5.3"]
[White "Shankovskyi, Andrii"]
[Black "Vachylia, Andrii"]
[Result "1-0"]
[WhiteElo "2374"]
[BlackElo "2285"]
[Annotator "TA"]
[PlyCount "101"]
[EventDate "2019.05.09"]
[EventType "tourn"]
[EventCountry "UKR"]
[SourceTitle "playchess.com"]
[Source "ChessBase"]
[SourceQuality "1"]

{[%evp 14,101,0,4,16,0,15,15,25,-6,79,73,119,18,47,11,129,129,139,117,126,127,104,129,151,187,182,123,162,174,216,212,255,171,162,162,168,176,185,194,160,142,211,207,229,249,235,151,148,130,126,134,125,139,131,126,209,145,145,145,218,211,298,157,166,177,210,194,199,207,193,202,181,193,241,241,239,254,325,310,444,437,701,683,899,672,779,765,29988,29989]} 1. c4 Nf6 2. Nf3 g6 3. g3 Bg7 4. Bg2 O-O 5. O-O c6 6. d4 d5 7. b3 dxc4 8. bxc4 c5 {D78: Fianchetto Grünfeld: 6 0-0 c6} 9. e3 (9. Bb2 cxd4 10. Nxd4 Qb6 11. Qc1 Nc6 12. Nxc6 bxc6 13. Nd2 Rd8 14. Nb3 Qc7 15. Bd4 Rb8 16. Qc3 Ne8 17. Bxg7 Nxg7 18. Qa5 Ne8 19. Qxc7 Nxc7 20. Bxc6 {½-½ (75) Vidit,S (2718)-So,W (2780) chess.com INT 2018}) 9... Nc6 10. Bb2 Qb6 {The position is equal.} 11. Qb3 Qa6 $146 (11... Na5 $11 12. Qxb6 axb6) ({Predecessor:} 11... Ne4 12. Ne5 f5 13. Nxc6 bxc6 14. Nc3 Qxb3 15. axb3 Nd2 16. Bxc6 {½-½ (44) Blagojevic,D (2524)-Jakovljevic,V (2440) Cetinje 2013}) 12. Nbd2 $16 Bf5 13. Ne5 (13. d5 $16) 13... Rab8 14. e4 Bd7 (14... cxd4 $11 {keeps the balance.} 15. exf5 Nxe5) 15. Nd3 $1 {[%cal Rd3c5]} (15. dxc5 $6 Nxe5 16. Bxe5 Nxe4 $11) 15... b6 16. e5 Ng4 17. h3 $36 {[%mdl 2048] Threatens to win with Bxc6. White is in control.} (17. dxc5 Ngxe5 18. Bxc6 Nxc6 $15) 17... Nh6 18. d5 $1 {[%cal Rd5c6]} Nd4 19. Bxd4 $1 cxd4 20. Nf3 ({White should try} 20. g4 $18) 20... f6 21. Rfe1 Ba4 22. Qa3 $1 Bb5 23. Qxa6 (23. Qxe7 $6 Bxc4 24. Nb4 Qc8 $16) 23... Bxa6 24. Rac1 fxe5 25. Nfxe5 Rbe8 26. Nd7 $1 Rf7 27. N3e5 Rf5 (27... Bxe5 $16 {keeps fighting.} 28. Nxe5 Rff8) 28. g4 $18 Rf4 {[#]} 29. Nd3 $1 {[%cal Rd3f4]} Rf7 30. N7e5 Rff8 31. Nc6 Bf6 32. Nde5 Bc8 33. Nxd4 Nf7 34. Nec6 Nd8 (34... Nd6 $16 35. c5 bxc5 36. Rxc5 Bd7) 35. Rc2 Nxc6 36. Nxc6 a6 (36... Bd7 $16 37. Nxa7 Bd4) 37. Rce2 Kf7 {[#]} (37... Bd7 $142 38. Rb1 (38. Nxe7+ Kg7 $16) 38... Bxc6) 38. Ne5+ ({Better is} 38. d6 $1 $18 {[%mdl 512]}) 38... Kg7 $16 39. Rb2 b5 40. cxb5 axb5 41. Rxb5 h5 42. Rb4 hxg4 43. hxg4 Rd8 44. f4 e6 45. dxe6 Bxe6 46. Rb7+ Kg8 (46... Bf7 $142 47. a4 Rb8) 47. Nxg6 $18 {[%mdl 64] Discovered Attack} Rfe8 (47... Bxg4 $142 48. Nxf8 Kxf8) 48. Bc6 Rd2 49. Rb4 ({Not} 49. Bxe8 Bd4+ 50. Re3 (50. Kf1 $2 Rf2+ 51. Kg1 Rxa2+ 52. Kf1 Bc4+ 53. Re2 Bxe2+ 54. Kg2 Ba6+ 55. Kh3 Bxb7 $19) 50... Bxe3+ 51. Kf1 Bc4+ 52. Ke1 Rxa2 $11) 49... Red8 50. Rxe6 Kg7 51. Rb7+ {Accuracy: White = 77%, Black = 35%.} 1-0

[Event "Mukachevo IM May 2019"]
[Site "Mukachevo"]
[Date "2019.05.11"]
[Round "5.4"]
[White "Ceres, Dragos"]
[Black "Tiba, Vladyslav"]
[Result "1/2-1/2"]
[WhiteElo "2317"]
[BlackElo "2370"]
[Annotator "NA"]
[PlyCount "59"]
[EventDate "2019.05.09"]
[EventType "tourn"]
[EventCountry "UKR"]
[SourceTitle "playchess.com"]
[Source "ChessBase"]
[SourceQuality "1"]
[TimeControl "40/5400+30:900+30"]

{[%evp 15,55,17,22,5,46,32,45,29,66,56,72,32767,24,11,31,10,26,14,32767,0,12,32767,0,-10,0,-23,32767,32767,32767,32767,32767,32767,32767,32767,32767,32767,32767,32767,32767,0,32767,0]} 1. e4 {[%emt 0:00:00]} c5 {[%emt 0:00:00]} 2. Nf3 {[%emt 0:00:00]} e6 {[%emt 0:00:00]} 3. d4 {[%emt 0:00:00]} cxd4 {[%emt 0:00:00]} 4. Nxd4 {[%emt 0:00:00]} a6 {[%emt 0:00:03]} 5. c4 {[%emt 0:00:00]} Nf6 {[%emt 0:00:06]} 6. Nc3 {[%emt 0:00:00]} Bb4 {[%emt 0:00:06]} 7. Bd3 {[%emt 0:00:08]} Nc6 {[%emt 0:00:10]} 8. Nc2 {[%emt 0:00:08]} Bxc3+ {[%emt 0:05:25]} 9. bxc3 {[%emt 0:00:03]} O-O {[%emt 0:00:48] B41: Sicilian: Kan Variation: 5 c4} (9... d5 10. exd5 exd5 11. O-O O-O 12. cxd5 Qxd5 13. Ne3 Qc5 14. Nc4 Rd8 15. Be3 Qf8 16. Qc2 b5 17. Nb6 {½-½ (28) Gomez Garrido,C (2527)-Gonzalez Zamora,J (2499) Merida 2016}) 10. Ba3 {[%emt 0:00:09]} d6 {[%emt 0:02:03]} 11. O-O {[%emt 0:00:16]} Qc7 {[%emt 0:00:42]} 12. e5 $1 {[%emt 0:00:11]} dxe5 {[%emt 0:05:05]} 13. Bxf8 {[%emt 0:00:41]} Kxf8 {[%emt 0:00:04]} 14. Ne3 $146 {[%emt 0:05:30]} ({Predecessor:} 14. Qc1 e4 15. Be2 Ne5 16. Qa3+ Kg8 17. Rfd1 {1-0 (52) Dominguez Pons,E (2313)-Beltran Rueda,S (2370) Barcelona 2011}) 14... Bd7 {[%emt 0:02:55]} 15. Qb3 {[%emt 0:02:18]} e4 {[%emt 0:07:23]} 16. Be2 {[%emt 0:04:49]} Ne5 {[%emt 0:00:25]} 17. Qb4+ {[%emt 0:02:14]} Kg8 {[%emt 0:00:19]} 18. c5 {[%emt 0:07:45]} Bc6 {[%emt 0:02:12]} 19. Rfd1 {[%emt 0:00:44]} Ned7 {[%emt 0:05:19]} 20. Nc4 {[%emt 0:07:44]} Nd5 {[%emt 0:04:38]} 21. Qa3 {[%emt 0:00:26]} Qf4 {[%emt 0:02:03]} 22. Bf1 {[%emt 0:09:17]} N7f6 {[%emt 0:07:49]} 23. Qc1 {[%emt 0:01:12]} Qc7 {[%emt 0:06:12]} 24. Nd6 {[%emt 0:08:34]} Qa5 {[%emt 0:04:23]} 25. c4 {[%emt 0:01:35]} Nc3 {[%emt 0:01:41]} 26. Qd2 {[%emt 0:01:36]} Qa3 {[%emt 0:00:19] [#]} 27. Qe3 {[%emt 0:08:28]} ({White should play} 27. Re1 $1 $16) 27... Qa5 {[%emt 0:02:21]} 28. Qd2 $11 {[%emt 0:01:20]} Qa3 {[%emt 0:00:43]} 29. Qe3 {[%emt 0:00:09]} Qa5 {[%emt 0:00:09]} 30. Qd2 {[%emt 0:00:07]} 1/2-1/2

[Event "Mukachevo IM May 2019"]
[Site "Mukachevo"]
[Date "2019.05.11"]
[Round "5.5"]
[White "Oros, Robert"]
[Black "Larkin, Vladyslav"]
[Result "0-1"]
[WhiteElo "2316"]
[BlackElo "2366"]
[Annotator "NA"]
[PlyCount "64"]
[EventDate "2019.05.09"]
[EventType "tourn"]
[EventCountry "UKR"]
[SourceTitle "playchess.com"]
[Source "ChessBase"]
[SourceQuality "1"]
[TimeControl "40/5400+30:900+30"]

1. e4 {[%emt 0:00:00]} e5 {[%emt 0:02:02]} 2. Bc4 {[%emt 0:01:08]} Nf6 {[%emt 0:01:14]} 3. d3 {[%emt 0:00:54]} Bc5 {[%emt 0:01:09]} 4. Nc3 {[%emt 0:00:24]} c6 {[%emt 0:00:56]} 5. Qe2 {[%emt 0:03:42]} (5. Nf3 d6 6. h3 O-O 7. O-O Re8 8. Ne2 Nbd7 9. Ng3 Nf8 10. c3 Bb6 11. Bb3 Be6 12. a4 d5 13. Bg5 h6 14. Bxf6 Qxf6 {½-½ (94) Rapport,R (2731)-Kramnik,V (2777) Wijk aan Zee 2019}) 5... h6 {[%emt 0:02:09]} (5... b5 $5 6. Bb3 $8 a5 $11) 6. Nf3 {[%emt 0:00:33] C27: Vienna Game: 2...Nf6 3 Bc4 Nxe4} d6 {[%emt 0:01:27]} 7. Bb3 {[%emt 0:02:04]} Nbd7 $146 {[%emt 0:06:15]} ({Predecessor:} 7... Qe7 8. Be3 Bxe3 9. Qxe3 Be6 10. O-O Nbd7 11. d4 O-O 12. Rad1 Bxb3 13. axb3 {1-0 (31) Ranaivoharisoa,A (2159)-Randriambololona,H Antananarivo 2012}) 8. Be3 {[%emt 0:04:13]} Bxe3 {[%emt 0:09:53]} 9. Qxe3 {[%emt 0:01:01]} Nc5 {[%emt 0:00:16]} 10. d4 {[%emt 0:00:22]} exd4 {[%emt 0:01:11]} 11. Qxd4 {[%emt 0:00:48]} O-O {[%emt 0:00:25]} 12. O-O-O {[%emt 0:01:24]} Nxb3+ {[%emt 0:01:49]} 13. axb3 {[%emt 0:09:28]} Qb6 {[%emt 0:03:23]} 14. Qd2 {[%emt 0:13:14]} Re8 {[%emt 0:04:22]} 15. Rhe1 {[%emt 0:01:22]} Bg4 {[%emt 0:01:38]} 16. h3 {[%emt 0:00:50]} Bxf3 {[%emt 0:02:39]} 17. gxf3 {[%emt 0:00:02]} Re6 {[%emt 0:00:45]} 18. f4 {[%emt 0:01:27]} Rae8 {[%emt 0:00:41]} 19. f3 {[%emt 0:00:09]} d5 $11 {[%emt 0:03:05]} 20. e5 {[%emt 0:00:44]} Nh5 {[%emt 0:00:19]} 21. Rg1 {[%emt 0:05:47]} f6 {[%emt 0:01:07]} 22. Na4 {[%emt 0:03:17]} Qb5 {[%emt 0:07:42]} 23. Qg2 {[%emt 0:08:21]} Qb4 {[%emt 0:00:57]} ({Not} 23... fxe5 24. Qg4 $16) 24. Kb1 {[%emt 0:02:55]} b5 {[%emt 0:09:53]} 25. Qg6 {[%emt 0:04:45]} bxa4 {[%emt 0:00:35]} 26. Qxh5 {[%emt 0:00:15]} Qxf4 {[%emt 0:02:10]} 27. exf6 {[%emt 0:03:23]} Qxf6 {[%emt 0:00:04]} 28. bxa4 {[%emt 0:01:14]} Rb8 {[%emt 0:00:04]} 29. b3 {[%emt 0:00:46]} Rxb3+ {[%emt 0:01:03]} 30. cxb3 {[%emt 0:00:37]} Re2 {[%emt 0:00:02]} 31. Rxg7+ {[%emt 0:01:20]} Qxg7 {[%emt 0:00:05]} 32. Qg4 {[%emt 0:00:41]} Rb2+ {[%emt 0:00:21]} 0-1

[Event "Mukachevo IM May 2019"]
[Site "Mukachevo"]
[Date "2019.05.12"]
[Round "6.1"]
[White "Tran, David"]
[Black "Larkin, Vladyslav"]
[Result "0-1"]
[WhiteElo "2070"]
[BlackElo "2366"]
[Annotator "NA"]
[PlyCount "112"]
[EventDate "2019.05.09"]
[EventType "tourn"]
[EventCountry "UKR"]
[SourceTitle "playchess.com"]
[Source "ChessBase"]
[SourceQuality "1"]
[TimeControl "40/5400+30:900+30"]

1. e4 {[%emt 0:00:00]} c5 {[%emt 0:00:00]} 2. Nc3 {[%emt 0:00:00]} Nc6 {[%emt 0:00:00]} 3. g3 {[%emt 0:00:00]} g6 {[%emt 0:00:00]} 4. Bg2 {[%emt 0:00:00]} Bg7 {[%emt 0:00:00]} 5. d3 {[%emt 0:00:00]} d6 {[%emt 0:00:07]} 6. f4 {[%emt 0:00:06]} e6 {[%emt 0:00:20]} 7. Nf3 {[%emt 0:00:09]} Nge7 {[%emt 0:00:20]} 8. O-O {[%emt 0:00:31]} O-O {[%emt 0:00:20]} 9. Be3 $11 {[%emt 0:00:05]} Rb8 {[%emt 0:08:23]} 10. Bf2 {[%emt 0:02:21]} b5 {[%emt 0:00:52]} 11. d4 {[%emt 0:00:04]} b4 {[%emt 0:01:08]} 12. Ne2 {[%emt 0:00:28]} Ba6 {[%emt 0:00:17]} 13. dxc5 {[%emt 0:01:10]} dxc5 {[%emt 0:00:12]} 14. Qxd8 {[%emt 0:01:49]} Rfxd8 {[%emt 0:00:05]} 15. Rae1 {[%emt 0:00:28]} Bxb2 {[%emt 0:00:45]} 16. Bxc5 {[%emt 0:00:06]} Bc3 {[%emt 0:00:25]} 17. Nxc3 {[%emt 0:01:28]} Bxf1 {[%emt 0:00:09]} 18. Bxf1 {[%emt 0:00:16]} bxc3 {[%emt 0:00:05]} 19. Bc4 {[%emt 0:00:04]} Rd7 {[%emt 0:01:33]} 20. Re3 {[%emt 0:02:02]} Na5 {[%emt 0:03:38]} 21. Bb3 {[%emt 0:00:26]} Nxb3 {[%emt 0:00:35]} 22. axb3 {[%emt 0:00:05]} Rc8 {[%emt 0:02:11]} 23. Rxc3 {[%emt 0:00:40]} Rdc7 {[%emt 0:04:35]} 24. b4 {[%emt 0:00:09]} a5 {[%emt 0:01:12]} 25. Rb3 {[%emt 0:02:01]} axb4 {[%emt 0:03:16]} 26. Bxb4 {[%emt 0:00:07]} Nc6 {[%emt 0:00:27]} 27. Bd6 {[%emt 0:01:02]} Rd7 {[%emt 0:00:15]} 28. e5 {[%emt 0:00:08]} Na5 {[%emt 0:00:12]} 29. Rb8 {[%emt 0:05:11]} Rxb8 {[%emt 0:00:22]} 30. Bxb8 {[%emt 0:00:05]} Nc4 {[%emt 0:00:03]} 31. Kf2 {[%emt 0:04:01]} h6 {[%emt 0:03:20]} 32. Ke2 {[%emt 0:01:31]} Kf8 {[%emt 0:00:46]} 33. c3 {[%emt 0:00:27]} Rb7 {[%emt 0:02:48]} 34. Bd6+ {[%emt 0:00:09]} Nxd6 {[%emt 0:00:06]} 35. exd6 {[%emt 0:00:02]} Rd7 {[%emt 0:00:02]} 36. c4 {[%emt 0:03:57]} Rxd6 {[%emt 0:00:05]} 37. Ne5 {[%emt 0:00:03]} g5 {[%emt 0:07:26]} 38. c5 {[%emt 0:00:57]} Rd8 {[%emt 0:00:10]} 39. Ke3 {[%emt 0:01:32]} f6 {[%emt 0:01:21]} 40. Nc4 {[%emt 0:00:00]} gxf4+ {[%emt 0:00:00]} 41. gxf4 {[%emt 0:00:30]} Ke7 {[%emt 0:01:07]} 42. Nb6 {[%emt 0:01:06]} Rd1 {[%emt 0:02:02]} 43. Nc8+ {[%emt 0:04:05]} Kd7 {[%emt 0:01:38]} 44. Nd6 {[%emt 0:00:05]} Rxd6 {[%emt 0:05:44]} 45. cxd6 {[%emt 0:00:41]} Kxd6 {[%emt 0:00:04]} 46. Kd4 {[%emt 0:00:25]} h5 {[%emt 0:00:05]} 47. Kc4 {[%emt 0:04:54]} e5 {[%emt 0:02:26]} 48. Kd3 {[%emt 0:00:21]} f5 {[%emt 0:00:08]} 49. fxe5+ {[%emt 0:00:04]} Kxe5 {[%emt 0:00:06]} 50. Ke3 {[%emt 0:00:04]} f4+ {[%emt 0:00:03]} 51. Kf3 {[%emt 0:00:29]} Kf5 {[%emt 0:00:45]} 52. h3 {[%emt 0:04:36]} Ke5 {[%emt 0:00:14]} 53. Kf2 {[%emt 0:00:43]} Ke4 {[%emt 0:00:06]} 54. Ke2 {[%emt 0:00:08]} f3+ {[%emt 0:00:12]} 55. Ke1 {[%emt 0:00:13]} Kf4 {[%emt 0:00:19]} 56. Kf2 {[%emt 0:01:18]} h4 {[%emt 0:00:07]} 0-1